[Event "7th Rector Cup w"]
[Site "Kharkiv UKR"]
[Date "2005.04.24"]
[Round "5"]
[White "Karlovich,A"]
[Black "Gordon,V"]
[Result "1/2-1/2"]
[WhiteElo "2225"]
[BlackElo "2149"]

1.e4 c5 2.Nf3 Nc6 3.Bb5 g6 4.c3 Bg7 5.d4 cxd4 6.cxd4 Qb6 7.Nc3 e6 8.e5 Nge7
9.O-O O-O 10.Re1 d6 11.a4 dxe5 12.dxe5 Rd8 13.Qe2 a6 14.Bxc6 Nxc6 15.Bg5 Rf8
16.Ne4 Nxe5 17.Nxe5 Bxe5 18.Nf6+ Bxf6 19.Bxf6 Qa5 20.b4 Qf5 21.Qb2 Bd7 22.Bg7 Rfc8
23.Bh8 Kf8 24.Bg7+ Kg8 25.Bh8 Kf8  1/2-1/2

[Event "Open"]
[Site "Lenk SUI"]
[Date "2005.04.24"]
[Round "1"]
[White "Vogt,L"]
[Black "Staub,G"]
[Result "1-0"]
[WhiteElo "2483"]
[BlackElo "2035"]

1.e4 c5 2.Nf3 Nc6 3.Bb5 d6 4.Bxc6+ bxc6 5.O-O Bg4 6.c3 e5 7.d3 Be7 8.Nbd2 Bf6
9.Re1 Ne7 10.h3 Be6 11.Nf1 Ng6 12.Ng3 Nh4 13.Nh5 O-O 14.Be3 Be7 15.d4 cxd4
16.cxd4 g6 17.Ng3 Nxf3+ 18.Qxf3 f6 19.Bh6 Rf7 20.Qc3 Qb6 21.Red1 d5 22.Rac1 Rc8
23.dxe5 fxe5 24.exd5 Qxf2+ 25.Kh2 cxd5 26.Qxe5 Rc2 27.Rxc2 Qxc2 28.Rc1  1-0

[Event "TCh-RUS w"]
[Site "Sochi RUS"]
[Date "2005.04.24"]
[Round "6"]
[White "Cherenkova,K"]
[Black "Kosintseva,N"]
[Result "1/2-1/2"]
[WhiteElo "2307"]
[BlackElo "2459"]

1.e4 c5 2.Nf3 Nc6 3.Bb5 g6 4.c3 Nf6 5.e5 Nd5 6.O-O Bg7 7.d4 cxd4 8.cxd4 O-O
9.Qb3 Nc7 10.Be2 d6 11.Rd1 a5 12.Nc3 a4 13.Qb6 d5 14.Nb5 Nxb5 15.Qxd8 Rxd8
16.Bxb5 Bg4 17.Be3 Rdc8 18.Rdc1 Bd7 19.Rc5 e6 20.a3 Bf8 21.Bxc6 Bxc6 22.Rc2 Bb5
23.Rxc8 Rxc8 24.Rc1 Bc4 25.Ne1 Rc6 26.Bd2 Rb6 27.Bc3 Bh6 28.Ra1 Rc6 29.Nc2 Bb3
30.Nb4 Rc4 31.Re1 b6 32.h4 Bf8 33.Rc1 Be7 34.g3 f6 35.Nd3 fxe5 36.Nxe5 Rc8
37.f4 b5 38.Nd3 Kf7 39.Bb4 Rxc1+ 40.Nxc1 Bc4 41.Bxe7 Kxe7 42.g4 h5 43.g5 b4
44.Kf2 Kd6 45.Ke3 Kc6 46.Kd2 Kb5 47.Nd3 Bxd3  1/2-1/2

[Event "Torch Real Estate Cup"]
[Site "Jinan CHN"]
[Date "2005.04.25"]
[Round "6"]
[White "Qin Kanying"]
[Black "Nebolsina,V"]
[Result "1/2-1/2"]
[WhiteElo "2472"]
[BlackElo "2302"]

1.e4 c5 2.Nf3 Nc6 3.Bb5 e6 4.O-O Nge7 5.b3 a6 6.Bxc6 Nxc6 7.Bb2 b5 8.c4 Bb7
9.Na3 Qb6 10.d3 f6 11.Nc2 b4 12.a3 bxa3 13.Bxa3 Bd6 14.d4 Nxd4 15.Nfxd4 cxd4
16.c5 Bxc5 17.Qh5+ g6 18.Qxc5 Qxc5 19.Bxc5 Rc8 20.Ra5 d6 21.Nxd4 Rxc5 22.Rxc5 dxc5
23.Nxe6 Bxe4 24.Nxc5 Bf5 25.Nxa6 Kd7 26.Rd1+ Kc6 27.Nb4+ Kb7 28.Rd6 Re8 29.h4 Re4
30.Nd3 Rxh4 31.Nc5+ Kc7 32.Rxf6 Bc8 33.f3 Rb4 34.Rf7+ Kc6 35.Ne4 Bf5 36.Nd2 h5
37.Kf2 Kd5 38.Rf8 Kd4 39.Rd8+ Ke5 40.Ke3 Bc2 41.f4+ Ke6 42.Re8+ Kf7 43.Rc8 Bxb3
44.Rc7+ Ke6 45.Rc6+ Kf5 46.Rc5+ Ke6 47.Re5+ Kf7 48.Nf3 Ba2 49.Rc5 Bb1 50.Ne5+ Ke7
51.Rc7+  1/2-1/2

[Event "Torch Real Estate Cup"]
[Site "Jinan CHN"]
[Date "2005.04.25"]
[Round "6"]
[White "Gong Qianyun"]
[Black "Wang Doudou"]
[Result "1-0"]
[WhiteElo "2350"]
[BlackElo "2143"]

1.e4 c5 2.Nf3 Nc6 3.Bb5 g6 4.Bxc6 dxc6 5.d3 Bg7 6.h3 Nf6 7.Nc3 O-O 8.Be3 b6
9.Qd2 e5 10.Bh6 Qd6 11.Bxg7 Kxg7 12.O-O Be6 13.Ne2 Rad8 14.Qe3 b5 15.b4 cxb4
16.d4 Nd7 17.Rfd1 Qb8 18.c3 bxc3 19.Qxc3 Bc4 20.dxe5 Bxe2 21.Rxd7 Rxd7 22.e6+ f6
23.exd7 Bxf3 24.Qxf3 Rd8 25.Rd1 Qc7 26.Qd3 a6 27.Qd4 c5 28.Qd5 Qe5 29.Qc6 Qe7
30.f4 c4 31.f5 c3 32.Qxc3 Rxd7 33.Re1 Rc7 34.Qg3 Qc5+ 35.Kh1 Re7 36.Qf4 b4
37.g4 Qc3 38.Qe3 Qxe3 39.Rxe3 gxf5 40.gxf5 Rc7 41.Rd3 Rc1+ 42.Kg2 Rc2+ 43.Kf3 Rxa2
44.Rd7+ Kf8 45.Rxh7 a5 46.Rb7 Ra3+ 47.Kg4 Re3 48.Kf4 Rc3 49.Rb5 Ra3 50.e5 b3
51.Rb8+ Ke7 52.Rb7+ Ke8 53.Rb8+ Ke7 54.Rb7+ Kd8 55.exf6 Ke8 56.Ke5 b2 57.f7+ Kf8
58.Kf6  1-0

[Event "Open"]
[Site "Lenk SUI"]
[Date "2005.04.26"]
[Round "4"]
[White "Videki,S"]
[Black "Stock,L"]
[Result "1-0"]
[WhiteElo "2405"]
[BlackElo "2137"]

1.e4 c5 2.Nf3 Nc6 3.Bb5 e6 4.Bxc6 bxc6 5.d3 d6 6.e5 d5 7.Qe2 Ne7 8.h4 Nf5
9.Nbd2 a5 10.a4 Qb6 11.h5 Ba6 12.c3 Rb8 13.g4 Nh6 14.Nh4 Be7 15.Ndf3 c4 16.d4 c5
17.g5 Ng8 18.Rb1 Qb3 19.O-O Qxa4 20.Be3 cxd4 21.Nxd4 Qd7 22.f4 Bc5 23.f5 Bxd4
24.Bxd4 Ne7 25.g6 hxg6 26.fxg6 fxg6 27.Nxg6 Nxg6 28.hxg6 Qe7 29.Qg2 Qh4 30.Rf7 Rh5
31.Bf2 Qg5 32.Rxg7 Qxe5 33.Bd4 Qf5 34.Rf1 Rxb2 35.Rg8+ Kd7 36.Rxf5 Rxg2+
37.Kxg2 Rxf5 38.g7 Rg5+ 39.Kf3 e5 40.Bxe5 Ke7 41.Bd4  1-0

[Event "TCh-RUS w"]
[Site "Sochi RUS"]
[Date "2005.04.26"]
[Round "8"]
[White "Ubiennykh,E"]
[Black "Korbut,E"]
[Result "0-1"]
[WhiteElo "2327"]
[BlackElo "2399"]

1.e4 c5 2.Nf3 Nc6 3.Bb5 g6 4.Bxc6 dxc6 5.d3 Bg7 6.h3 Nf6 7.Nc3 Nd7 8.Be3 e5
9.Qd2 h6 10.O-O Qe7 11.Nh2 Nf8 12.f4 exf4 13.Rxf4 Be6 14.Rf2 Nd7 15.Raf1 Ne5
16.Ne2 O-O-O 17.Qa5 b6 18.Qa4 Kb7 19.Nf4 Bc8 20.a3 Bf8 21.Nf3 g5 22.Nh5 Nxf3+
23.Rxf3 Be6 24.g4 Qc7 25.Bd2 c4 26.b4 cxb3 27.c4 Qd6 28.Bc3 Rg8 29.Qxb3 Qxa3
30.Qc2 Bc5+ 31.d4 Rxd4 32.Bxd4 Bxd4+ 33.Kh1 Qc5 34.Rd1 Be5 35.Nf6 Bxf6 36.Rxf6 Qxc4
37.Rd7+ Ka8 38.Qxc4 Bxc4 39.Rc7 c5 40.Rd6 Be6 41.Kg2 Kb8 42.Re7 Rc8 43.Kf2 Rc7
44.Rd8+ Kb7 45.Rxc7+ Kxc7 46.Rh8 a5 47.Ke3 a4 48.Kd2 b5 49.Rxh6 a3 50.Kc2 b4
51.Kb1 b3 52.h4 Bc4  0-1

[Event "Open"]
[Site "Lenk SUI"]
[Date "2005.04.27"]
[Round "6"]
[White "Czebe,A"]
[Black "Vogt,L"]
[Result "1/2-1/2"]
[WhiteElo "2473"]
[BlackElo "2483"]

1.e4 c5 2.Nf3 Nc6 3.Bb5 d6 4.O-O Bg4 5.c3 Nf6 6.Re1 e6 7.d4 cxd4 8.cxd4 a6
9.Bxc6+ bxc6 10.Bg5 Be7 11.Nbd2 O-O 12.Qa4 Bxf3 13.Nxf3 Qb6 14.Rac1 Rfc8
15.Rc2 h6 16.Bxf6 Bxf6 17.Rec1 Qb5 18.Qxb5 axb5 19.a3 Ra6 20.g3 Kf8 21.e5 Be7
22.exd6 Bxd6 23.Ne5 Bxe5 24.dxe5 Ke7 25.Kg2 Kd7 26.Rd1+ Kc7 27.Rc3 Rd8 28.Rxd8 Kxd8
29.Rd3+ Ke7 30.Rd6 f6 31.f4 fxe5 32.fxe5 b4 33.axb4 Ra2 34.Rd2 Ra4 35.Rd4 Ra2
36.h4 Rxb2+ 37.Kf3 Rb3+  1/2-1/2

[Event "7th Rector Cup w"]
[Site "Kharkiv UKR"]
[Date "2005.04.28"]
[Round "9"]
[White "Petrenko,S"]
[Black "Gordon,V"]
[Result "1/2-1/2"]
[WhiteElo "2348"]
[BlackElo "2149"]

1.e4 c5 2.Nf3 Nc6 3.Bb5 e6 4.c3 Nge7 5.O-O a6 6.Ba4 b5 7.Bc2 Bb7 8.Re1 d6
9.d4 cxd4 10.Nxd4 Nxd4 11.Qxd4 Nc6 12.Qd3 Ne5 13.Qg3 h5 14.f4 h4 15.Qh3 Nd7
16.Be3 Be7 17.Nd2 g5 18.Bd4 e5 19.fxe5 dxe5 20.Be3 Rh6 21.a4 Rg6 22.Qf3 g4
23.Qe2 b4 24.cxb4 Bxb4 25.Red1 Qe7 26.a5 Bc6 27.Nc4 Bc5 28.Ba4 Bxa4 29.Rxa4 Bxe3+
30.Nxe3 g3 31.Rc4 gxh2+ 32.Kxh2 Qg5 33.Nf5 Nf6 34.Qc2 Kf8 35.Rc8+ Rxc8 36.Qxc8+ Ne8
37.Qc5+ Nd6 38.g3 hxg3+ 39.Kg2 Qh5 40.Qc8+ Ne8 41.Qc5+ Nd6 42.Qc8+ Ne8 43.Qc5+ Nd6
44.Qc8+  1/2-1/2

[Event "IM"]
[Site "Ostrava CZE"]
[Date "2005.05.01"]
[Round "2"]
[White "Ganaus,H"]
[Black "Muzik,M"]
[Result "1/2-1/2"]
[WhiteElo "2308"]
[BlackElo "2317"]

1.e4 c5 2.Nf3 Nc6 3.Bb5 e6 4.Bxc6 bxc6 5.d3 Nf6 6.O-O d5 7.e5 Nd7 8.c4 Be7
9.Re1 O-O 10.Nc3 Rb8 11.Qe2 Kh8 12.Bf4 Rb7 13.Rab1 f6 14.exf6 Bxf6 15.Bd6 Rg8
16.Ne5 Nxe5 17.Bxe5 Rf8 18.Na4 Bxe5 19.Qxe5 Rbf7 20.Re2 Rf5 21.Qe3 d4 22.Qd2 Qh4
23.Rf1 Rh5 24.h3 e5 25.Re4 Qf6 26.Rfe1 Bxh3 27.f4 Bf5 28.fxe5 Qg6 29.Qf4 Rg5
30.R1e2 h6 31.Rf2 Kh7 32.Re1 Bh3 33.Qe4 Bf5 34.Qh4 Rg4 35.Qh2 Rg3 36.e6 Bh3
37.Rfe2 Qg5 38.e7 Re8 39.Nxc5 Bxg2 40.Rd2 Rg4  1/2-1/2

[Event "4NCL"]
[Site "Nottingham ENG"]
[Date "2005.05.02"]
[Round "11"]
[White "Gallagher,Jo"]
[Black "Quinn,M"]
[Result "0-1"]
[WhiteElo "2532"]
[BlackElo "2395"]

1.e4 c5 2.Nf3 Nc6 3.Bb5 g6 4.O-O Bg7 5.c3 Nf6 6.Qa4 Qc7 7.Re1 Ng4 8.h3 Nge5
9.Nh2 a6 10.Bf1 b5 11.Qd1 d6 12.d3 f5 13.exf5 Bxf5 14.f4 Nf7 15.Ng4 O-O 16.Nd2 d5
17.Nf3 d4 18.cxd4 Bxg4 19.hxg4 Nxd4 20.Rb1 Nh6 21.Re4 Qd7 22.g5 Ng4 23.Nh2 Nxh2
24.Kxh2 Qd5 25.b3 e5 26.g3 Rad8 27.Bb2 exf4 28.gxf4 Rxf4 29.Rxf4 Be5 30.Qg4 Rf8
31.Bg2 Qd6 32.Rf1 Rxf4 33.Rxf4 Bxf4+ 34.Kh3 Ne6 35.Bf6 Qxd3+ 36.Kh4 Kf7 37.Bh3 Qe4
38.Bg2 Qe1+ 39.Kh3 Qe3+ 40.Kh4 Qf2+ 41.Kh3 Qe3+ 42.Kh4 h6  0-1

[Event "SME Open"]
[Site "Ostrava CZE"]
[Date "2005.05.02"]
[Round "3"]
[White "Novacek,P2"]
[Black "Hlavac,R"]
[Result "1/2-1/2"]
[WhiteElo "2048"]
[BlackElo "2178"]

1.e4 c5 2.Nf3 Nc6 3.Bb5 g6 4.O-O Bg7 5.Re1 Nf6 6.Bxc6 dxc6 7.d3 Bg4 8.h3 Bxf3
9.Qxf3 e5 10.Be3 Qe7 11.Nd2 O-O 12.g4 b6 13.Qg3 Nd7 14.Nf3 f6 15.Kg2 Rf7
16.Nh4 Nf8 17.f4 exf4 18.Bxf4 Re8 19.Bd6 Qd7 20.Bxf8 Bxf8 21.b3 Bd6 22.Qf3 Qe6
23.Kh1 Be5 24.Rad1 Qd6 25.Rf1 Bg3 26.Ng2 Be5 27.Ne3 b5 28.g5 Ref8 29.Ng4 Kg7
30.gxf6+ Bxf6 31.Nxf6 Rxf6 32.Qg2 Rf4 33.Rxf4 Qxf4 34.Rd2 Qh4 35.Re2 Rf6
36.Kg1 Qf4 37.e5 Re6 38.Re4 Qf5 39.Qg4 Qxg4+ 40.hxg4 Kh6 41.Kg2 Kg5 42.c3 h5
43.d4 b4 44.dxc5 bxc3 45.gxh5 gxh5 46.Re3 Kf4 47.Rxc3 Rxe5 48.b4 Re2+ 49.Kh3 Rb2
50.Rc4+ Ke5 51.a4 a6 52.Rh4 Ke6 53.Kg3 Ra2 54.a5 Rb2 55.Kf3 Rb1 56.Ke2 Rg1
57.Rxh5 Rg4 58.Rh6+ Kd5 59.Rd6+ Kc4 60.Rxc6 Kxb4 61.Rxa6 Kxc5 62.Ra8 Kb5  1/2-1/2

[Event "23rd Liechtenstein Open"]
[Site "Triesen LIE"]
[Date "2005.05.02"]
[Round "4"]
[White "Sedina,E"]
[Black "Srienz,C"]
[Result "1-0"]
[WhiteElo "2422"]
[BlackElo "2285"]

1.e4 c5 2.Nf3 Nc6 3.Bb5 g6 4.O-O Bg7 5.c3 Nf6 6.Re1 O-O 7.e5 Nd5 8.d4 cxd4
9.cxd4 Nc7 10.Nc3 d6 11.Bg5 Nxb5 12.Nxb5 Qb6 13.a4 a6 14.Nc3 Qxb2 15.Nd5 dxe5
16.Re2 Qxa1 17.Qxa1 exd4 18.Nxe7+ Nxe7 19.Rxe7 Bf5 20.h3 b5 21.Bf4 Rfe8 22.Rxe8+ Rxe8
23.axb5 axb5 24.Qa5 Bd7 25.Qc7 Be6 26.Be5 Rc8 27.Qd6 Bf8 28.Qxd4 b4 29.Qh4  1-0

[Event "ch-FRA Top 16 Poule Haute"]
[Site "Port Barcares FRA"]
[Date "2005.05.04"]
[Round "8"]
[White "Hernandez,Gi"]
[Black "Svidler,P"]
[Result "1/2-1/2"]
[WhiteElo "2516"]
[BlackElo "2725"]

1.e4 c5 2.Nf3 Nc6 3.Bb5 g6 4.Bxc6 dxc6 5.d3 Bg7 6.Nc3 b6 7.Bf4 Bg4 8.h3 Bxf3
9.Qxf3 e5 10.Be3 Nf6 11.a4 O-O 12.a5 Ne8 13.O-O Nc7 14.Ra2 Ne6 15.axb6 axb6
16.Rfa1 Rxa2 17.Rxa2 Qd7 18.Ra6 Qb7 19.Ra2 Ra8 20.Rxa8+ Qxa8 21.Qd1 Nd4 22.Qb1 Bf8
23.Bxd4 cxd4 24.Qa2 Qxa2 25.Nxa2 f5 26.f3 c5 27.Nc1 Bh6 28.Nb3 Kf7 29.Kf2 Be3+
30.Ke2 Kf6 31.c4 Kg5 32.Na1 Bc1 33.b3 Kh4 34.Nc2 Kg3 35.Kf1 Bb2 36.b4 f4
37.bxc5 bxc5 38.Kg1 g5 39.Kf1 h6 40.Kg1 h5 41.Kf1 Kh2  1/2-1/2

[Event "ch-FRA Top 16 Poule Basse"]
[Site "Port Barcares FRA"]
[Date "2005.05.04"]
[Round "8"]
[White "Boudre,JP"]
[Black "Barnier,C"]
[Result "1-0"]
[WhiteElo "2327"]
[BlackElo "1997"]

1.e4 c5 2.Nf3 Nc6 3.Bb5 d6 4.Bxc6+ bxc6 5.c3 Ba6 6.d3 e6 7.O-O Be7 8.Re1 Qd7
9.d4 cxd4 10.cxd4 Nf6 11.Nc3 O-O 12.Bg5 h6 13.Bxf6 Bxf6 14.Rc1 Rfc8 15.e5 Be7
16.exd6 Bxd6 17.Ne4 Bb7 18.Ne5 Qe7 19.Nc5 Rc7 20.Qa4 Rcc8 21.b4 a5 22.bxa5 Qc7
23.Qb3 Bxc5 24.Rxc5 Rxa5 25.Nc4 Rxc5 26.dxc5 Rd8 27.Nd6 Qa5 28.Rb1 Ba6 29.Qb6 Qxb6
30.Rxb6 Bb5 31.Rb7 f6 32.Ra7 Rb8 33.h4 Bd3 34.a4 Rb1+ 35.Kh2 Ra1 36.a5 Rc1
37.Nb7 Ra1 38.Nd8 Bb5 39.Nxe6 Ra2 40.Kg3 Ra4 41.Rxg7+  1-0

[Event "IM"]
[Site "Ostrava CZE"]
[Date "2005.05.05"]
[Round "6"]
[White "Kotan,L"]
[Black "Bolacky,J"]
[Result "1-0"]
[WhiteElo "2325"]
[BlackElo "2252"]

1.e4 c5 2.Nf3 Nc6 3.Bb5 g6 4.O-O Bg7 5.Re1 Nf6 6.c3 O-O 7.h3 Qb6 8.Ba4 a6
9.d3 d5 10.e5 Ne8 11.d4 cxd4 12.cxd4 Nc7 13.Nc3 Rd8 14.Bxc6 Qxc6 15.Be3 b6
16.Rc1 Qb7 17.Qd2 Ne6 18.Bh6 Bd7 19.Bxg7 Kxg7 20.Nh4 Rac8 21.f4 Rc4 22.Ne2 f5
23.exf6+ exf6 24.f5 Ng5 25.Rxc4 dxc4 26.Nf4 Be8 27.Qb4 Bf7 28.Re7 Rd7 29.fxg6 hxg6
30.Nfxg6 Rxe7 31.Nxe7 Kh7 32.Nef5 Ne6 33.Qxc4 Qc7 34.Qd3 Qc1+ 35.Kh2 Qxb2
36.Nd6+ Kg8 37.Nxf7 Kxf7 38.Qg6+ Ke7 39.Nf5+ Kd7 40.Qf7+  1-0

[Event "10th Open"]
[Site "Stuttgart GER"]
[Date "2005.05.05"]
[Round "1"]
[White "Schebler,G"]
[Black "Jerosch,G"]
[Result "1/2-1/2"]
[WhiteElo "2500"]
[BlackElo "2080"]

1.e4 c5 2.Nf3 Nc6 3.Bb5 d6 4.d4 cxd4 5.Qxd4 Qa5+ 6.Nc3 Qxb5 7.Nxb5 Nxd4 8.Nfxd4 Kd8
9.Bg5 f6 10.Be3 a6 11.Nc3 g6 12.Nd5 Rb8 13.O-O-O Nh6 14.Nb3 Be6 15.Bb6+ Ke8
16.Rhe1 Ng4 17.f3 Bh6+ 18.Kb1 Ne5 19.Nd4 Bd7 20.b3 Kf7 21.a4 Bc6 22.a5 Nd7
23.c4 Nxb6 24.Nxb6 Bf4 25.g3 Be5 26.f4 Bxd4 27.Rxd4 h5 28.h3 Rbd8 29.Rd2 f5
30.Nd5 fxe4 31.Nc3 Rd7 32.Nxe4 Bxe4+ 33.Rxe4 Rc8 34.Kb2 Rc6 35.b4 b6 36.axb6 Rxb6
37.Kc3 Rdb7 38.Rb2 Kf6 39.Rd4 Kf7 40.Rd5 Rc7 41.Kd4 Rcb7 42.b5 e6 43.Rg5 Kf6
44.h4 d5 45.bxa6 Rxb2 46.axb7 dxc4 47.Kxc4 Rxb7  1/2-1/2

[Event "23rd Liechtenstein Open"]
[Site "Triesen LIE"]
[Date "2005.05.05"]
[Round "7"]
[White "Spanton,T"]
[Black "Bhend,E"]
[Result "1/2-1/2"]
[WhiteElo "2026"]
[BlackElo "2274"]

1.e4 c5 2.Nf3 Nc6 3.Bb5 e5 4.Bxc6 dxc6 5.O-O f6 6.d3 Ne7 7.Be3 Ng6 8.Nc3 Bd6
9.h3 O-O 10.Qd2 Be6 11.Ne2 Qd7 12.Kh2 b6 13.Nfg1 Rad8 14.Rad1 Qc8 15.Kh1 Qc7
16.f4 f5 17.exf5 Bxf5 18.b3 Be6  1/2-1/2

[Event "ch-FRA National 1"]
[Site "Lille FRA"]
[Date "2005.05.06"]
[Round "9"]
[White "Crut,A"]
[Black "Tirard,H"]
[Result "0-1"]
[WhiteElo "2344"]
[BlackElo "2444"]

1.e4 c5 2.Nf3 Nc6 3.Bb5 e6 4.O-O Nge7 5.c3 a6 6.Ba4 b5 7.Bc2 Bb7 8.Qe2 c4
9.b3 d5 10.exd5 Nxd5 11.d4 cxd3 12.Bxd3 Be7 13.a4 b4 14.c4 Nc3 15.Nxc3 bxc3
16.Rd1 Qa5 17.Be4 Rd8 18.Rxd8+ Qxd8 19.Bf4 Nd4 20.Nxd4 Qxd4 21.Bxb7 Qxf4
22.Bc6+ Kf8 23.Rd1 g6 24.Be4 Kg7 25.Bc2 Rd8 26.Rxd8 Bxd8 27.Qe3 Qxe3 28.fxe3 Ba5
29.Kf2 Kf6 30.Kf3 Ke5 31.e4 Kd4 32.g4 Bb4 33.h3 Ke5 34.Bb1 Bc5 35.Bc2 a5
36.Bb1 Kd4 37.Bc2 Ke5 38.Bb1 Kf6 39.Bd3 Kg5 40.Bc2 Kh4 41.Kg2 h5 42.gxh5 Kxh5
43.Kf3 Kh4 44.Kg2 f5 45.exf5 gxf5 46.Bb1 Kg5 47.Kf3 Kg6 48.Ke2 Kg5 49.Kf3 e5
50.h4+ Kf6 51.Bc2 e4+ 52.Kf4 Kg6 53.Bd1 Kh6 54.Kg3 Bd6+ 55.Kf2 f4 56.Bc2 Bc5+
57.Kg2 f3+ 58.Kg3 f2 59.Kg2 e3 60.Kf1 Kh5 61.Be4 Kxh4 62.Bc2 Kg3 63.Be4 c2
64.Bxc2 e2+  0-1

[Event "ch-FRA National 1"]
[Site "Lille FRA"]
[Date "2005.05.06"]
[Round "9"]
[White "Castaignet,L"]
[Black "Munschi,S"]
[Result "0-1"]
[WhiteElo "2159"]
[BlackElo "2306"]

1.e4 c5 2.Nf3 Nc6 3.Bb5 e6 4.Bxc6 bxc6 5.d3 Ne7 6.Qe2 f6 7.Nh4 e5 8.f4 exf4
9.Bxf4 d6 10.Nd2 g5 11.e5 dxe5 12.Bxg5 fxg5 13.Qxe5 Qd4 14.Qxg5 Qg4 15.Qxg4 Bxg4
16.Ne4 O-O-O 17.h3 Bh5 18.g4 Bg6 19.Nxc5 Nd5 20.Nxg6 hxg6 21.Ne4 Nf4 22.O-O-O Rxh3
23.Rxh3 Nxh3 24.Rf1 Ng5 25.Nxg5 Bh6 26.c3 Bxg5+ 27.Kc2 Kd7 28.Rf7+ Be7 29.d4 Rh8
30.b4 Rh4 31.Rf4 g5 32.Re4 Bd6 33.a4 Bf4 34.b5 Rxg4 35.bxc6+ Kxc6 36.c4 Rg2+
37.Kd3 Rg3+ 38.Ke2 Ra3 39.Re6+ Kb7 40.Re7+ Ka6 41.Re6+ Ka5 42.c5 Rxa4 43.Kd3 Kb5
44.Ke4 Ra3 45.Kd5 Re3 46.Rg6 Re8 47.c6 Kb6 48.Kc4 Re1 49.d5 Rg1 50.Rg7 Bc7
51.Rg6 Rg4+ 52.Kd3 Be5 53.Re6 Rd4+ 54.Ke3 Rxd5 55.Ke4 Rc5 56.Re7 Bc7  0-1

[Event "SME Open"]
[Site "Ostrava CZE"]
[Date "2005.05.06"]
[Round "7"]
[White "Novacek,P2"]
[Black "Hrtanek,J"]
[Result "0-1"]
[WhiteElo "2048"]
[BlackElo "2218"]

1.e4 c5 2.Nf3 Nc6 3.Bb5 g6 4.O-O Bg7 5.Re1 e5 6.c3 Nge7 7.d3 O-O 8.Nbd2 a6
9.Ba4 b5 10.Bc2 Bb7 11.Nb3 d6 12.d4 exd4 13.cxd4 c4 14.Nbd2 Qb6 15.d5 Nb4
16.Bb1 c3 17.bxc3 Bxc3 18.Nb3 a5 19.Be3 Qc7 20.Bd4 a4 21.Bxc3 Qxc3 22.Qd2 Qxd2
23.Nbxd2 Rfc8 24.a3 Nc2 25.Bxc2 Rxc2 26.Nf1 Rac8 27.Nd4 R2c5 28.Ne3 Ba6 29.g4 Rc3
30.Red1 Kg7 31.Kg2 Kf6 32.Rd2 R8c5 33.Nec2 Bc8 34.f3 g5 35.Kf2 Ng6 36.Nb4 Ne5
37.Rc2 Bd7 38.Ke2 Rxc2+ 39.Nbxc2 Rc3 40.h3 Nc4 41.Ra2 Ke5 42.Kf2 Nxa3  0-1

[Event "62nd ch-GEO w"]
[Site "Tblisi GEO"]
[Date "2005.05.06"]
[Round "2"]
[White "Gurieli,N"]
[Black "Tsereteli,T"]
[Result "1/2-1/2"]
[WhiteElo "2348"]
[BlackElo "2273"]

1.e4 c5 2.Nf3 Nc6 3.Bb5 g6 4.Bxc6 dxc6 5.d3 Bg7 6.O-O e5 7.a4 Qe7 8.Be3 Nf6
9.Na3 Nd7 10.Nc4 Nf8 11.h3 f6 12.a5 Ne6 13.c3 O-O 14.Qb3 Kh8 15.Rfe1 Rd8
16.Rad1 Qc7 17.Qa3 Bf8 18.Qb3 Bg7 19.d4 cxd4 20.cxd4 exd4 21.Bxd4 Nxd4 22.Nxd4 Re8
23.Qa3 Bf8 24.Qf3 Qf7 25.Qc3 Be6 26.Nxe6 Rxe6 27.e5 Bg7 28.f4 fxe5 29.fxe5 Qe7
30.Kh1 Re8 31.Nd6 Rf8 32.Nc4 b5 33.axb6 axb6 34.Nxb6 Rxe5 35.Rxe5 Qxe5 36.Qxe5 Bxe5
37.Nc4 Bg3 38.Kg1 Re8 39.Kf1  1/2-1/2

[Event "Open A"]
[Site "Djakovo CRO"]
[Date "2005.05.07"]
[Round "9"]
[White "Brkic,A"]
[Black "Brumen,D"]
[Result "0-1"]
[WhiteElo "2477"]
[BlackElo "2385"]

1.e4 c5 2.Nf3 Nc6 3.Bb5 g6 4.Bxc6 dxc6 5.d3 Bg7 6.h3 Nf6 7.Nc3 O-O 8.Be3 b6
9.Qd2 Re8 10.O-O-O a5 11.g4 a4 12.Rdg1 b5 13.Bxc5 Nd7 14.Be3 b4 15.Ne2 c5
16.h4 b3 17.a3 bxc2 18.Qxc2 Ba6 19.Nc3 Rb8 20.Nxa4 Qa5 21.Bd2 Bxb2+ 22.Nxb2 Qxa3
23.Ne1 Rb3 24.Kb1 Ra8 25.Kc1 Rab8  0-1

[Event "IM"]
[Site "Ostrava CZE"]
[Date "2005.05.07"]
[Round "8"]
[White "Kotan,L"]
[Black "Czarnota,D"]
[Result "1-0"]
[WhiteElo "2325"]
[BlackElo "2244"]

1.e4 c5 2.Nf3 Nc6 3.Bb5 e6 4.O-O Nge7 5.c3 a6 6.Ba4 b5 7.Bc2 Bb7 8.Qe2 Ng6
9.d4 cxd4 10.cxd4 Be7 11.Nc3 O-O 12.d5 Na5 13.Rd1 d6 14.Nd4 e5 15.Nf5 Bf6
16.Qg4 Kh8 17.Rd3 Ne7 18.Rh3 g6 19.Bg5 Bxg5 20.Qxg5 Nxf5 21.Qxd8 Rfxd8 22.exf5 Kg7
23.Rd1 Rac8 24.Be4 b4 25.Ne2 Rc5 26.g4 f6 27.b3 g5 28.Re3 Rdc8 29.h4 h6 30.Rh3 Ba8
31.Kg2 Rh8 32.Ng3 gxh4 33.Rxh4 Nb7 34.Nf1 Rc3 35.Ne3 Nc5 36.Bb1 Rd8 37.Nc4 e4
38.Rh3 Rxh3 39.Kxh3 Kf7 40.Kg3 Ke7 41.Kf4 Rg8 42.Ne3 a5 43.Rd4 Rb8 44.Bxe4 Bb7
45.Bc2 Ba6 46.Rd1 Bb5 47.Rh1 Rh8 48.Ng2 Kf7 49.Kg3 a4 50.Nf4 a3 51.Ng6 Re8
52.Nf4 Ne4+ 53.Bxe4 Rxe4 54.Rxh6 Re1 55.Rh7+ Kg8 56.Rb7 Be8 57.Nd3 Ra1 58.Nxb4 Bf7
59.Ra7  1-0

[Event "IM"]
[Site "Ostrava CZE"]
[Date "2005.05.07"]
[Round "8"]
[White "Ganaus,H"]
[Black "Bolacky,J"]
[Result "1/2-1/2"]
[WhiteElo "2308"]
[BlackElo "2252"]

1.e4 c5 2.Nf3 Nc6 3.Bb5 g6 4.Bxc6 dxc6 5.d3 Bg7 6.h3 Nf6 7.Nc3 b6 8.Be3 Nd7
9.Qd2 e5 10.Bh6 Qf6 11.Nh2 Bxh6 12.Qxh6 g5 13.Qxf6 Nxf6 14.Nf3 Nd7 15.Nxg5 Rg8
16.Nf3 Rxg2 17.Ke2 f6 18.Nh4 Rg8 19.Rag1 Rxg1 20.Rxg1 Nf8 21.Nf5 Ng6 22.Ke3 Bxf5
23.exf5 Ne7 24.Ke4 Kf7 25.Ne2 Nc8 26.Ng3 Nd6+ 27.Kf3 Rg8 28.Rb1 h5 29.b4 cxb4
30.Rxb4 Rg5 31.h4 Rg8 32.Ra4 a5 33.c3 Nb5 34.Rc4 c5 35.Nxh5 Nd6 36.Rg4 Rxg4
37.Kxg4 b5 38.Ng3 b4 39.cxb4 cxb4 40.Ne2 Nb5 41.Nc1 a4 42.Kf3 a3 43.d4 exd4
44.Ke4 Nc3+ 45.Kxd4 Nxa2 46.Nb3 Kg7 47.Kc4 Kh6 48.Na1 Kh5 49.Kb3 Nc1+ 50.Kxb4 a2
51.Kc3 Kxh4 52.Kb2 Nd3+ 53.Kxa2 Kg5 54.Nc2 Kxf5 55.Ne3+ Ke4 56.Ng4 f5 57.Ne3 f4
58.Ng2 f3 59.Nh4 Nxf2 60.Nxf3  1/2-1/2

[Event "ch-FRA Top 16 Poule Haute"]
[Site "Port Barcares FRA"]
[Date "2005.05.07"]
[Round "11"]
[White "Leconte,M"]
[Black "Cochet,C"]
[Result "0-1"]
[WhiteElo "2287"]
[BlackElo "2086"]

1.e4 c5 2.Nf3 Nc6 3.Bb5 g6 4.O-O Bg7 5.c3 e5 6.d4 cxd4 7.cxd4 exd4 8.Bf4 Nge7
9.Bd6 O-O 10.Na3 a6 11.Bc4 b5 12.Bd5 Bb7 13.Re1 Na5 14.Rc1 Bc6 15.Nxd4 Re8
16.b4 Nxd5 17.exd5 Rxe1+ 18.Qxe1 Bxd4 19.bxa5 Bxd5 20.Rd1 Qg5 21.Bg3 Bg7
22.Nc2 Rc8 23.h4 Qh5 24.Ne3 Be6 25.Rc1 Rc5 26.Bd6 Rc6 27.Bg3 Bd4 28.Qd2 Rxc1+
29.Qxc1 Qc5 30.Qd2 Qc3 31.Qd1 Bxa2 32.Kh2 Bb3 33.Qf3 Kg7 34.Qe4 Be6 35.h5 Bf6
36.Bd6 h6 37.f4 Qd4 38.Qxd4 Bxd4 39.Nc2 Bc3 40.Bb4 Bb2 41.Bd6 Bd5 42.Nb4 Bb7
43.hxg6 fxg6 44.g4 Kf6 45.Nd3 Bd4 46.Kg3 Be4 47.Nb4 Bc3 48.Nxa6 Bxa5 49.Nc5 Bc6
50.Kf2 Bb6 51.Kg3 Bxc5 52.Bxc5 Ke6 53.Bf8 h5 54.f5+ gxf5 55.gxh5 Kf6 56.Kf4 Bd5
57.Bb4 Bf7 58.h6 Bg8 59.Bc3+ Ke6 60.Kg5 Bh7 61.Bd2 Ke5 62.Bf4+ Ke4 63.Kf6 Kxf4
64.Kg7 b4 65.Kxh7 b3 66.Kg6 b2 67.h7 b1=Q 68.h8=Q Qb6+ 69.Kh5 d5 70.Qf6 Qe3
71.Qh4+ Kf3 72.Qh1+ Kg3 73.Qb1 f4 74.Qg6+ Kf2 75.Qf5 d4  0-1

[Event "Torch Real Estate Cup"]
[Site "Wuxi CHN"]
[Date "2005.05.08"]
[Round "7"]
[White "Yu Ting"]
[Black "Peng Zhaoqin"]
[Result "0-1"]
[WhiteElo "2228"]
[BlackElo "2392"]

1.e4 c5 2.Nf3 Nc6 3.Bb5 e6 4.O-O Nge7 5.b3 Ng6 6.Bb2 f6 7.Re1 Be7 8.c3 Nce5
9.d4 Nxf3+ 10.Qxf3 Qa5 11.a4 cxd4 12.Na3 dxc3 13.Bxc3 Qc7 14.Bf1 O-O 15.Nb5 Qb8
16.g3 a6 17.Nd4 b6 18.h4 Bb7 19.h5 Ne5 20.Qe2 h6 21.f4 Rc8 22.Bb2 Nc6 23.Nf3 Nb4
24.Rac1 Rxc1 25.Rxc1 Qd8 26.Nh4 f5 27.exf5 Bxh4 28.gxh4 Qxh4 29.Bg2 Qg3 30.Rc3 Qxg2+
31.Qxg2 Bxg2 32.Kxg2 Nd5 33.Rf3 Rf8 34.fxe6 Nxf4+ 35.Rxf4 Rxf4 36.exd7 Rf8
37.Bd4 Rd8 38.Bxb6 Rxd7 39.b4 Rd5  0-1

[Event "62nd ch-GEO w"]
[Site "Tblisi GEO"]
[Date "2005.05.09"]
[Round "5"]
[White "Melia,S"]
[Black "Javakhishvili,L"]
[Result "0-1"]
[WhiteElo "2333"]
[BlackElo "2430"]

1.e4 c5 2.Nf3 Nc6 3.Bb5 Qc7 4.Nc3 e6 5.O-O Nge7 6.Re1 Ng6 7.Bxc6 bxc6 8.e5 Be7
9.d3 O-O 10.Qe2 f6 11.Bd2 Ba6 12.b3 Rf7 13.exf6 gxf6 14.Na4 e5 15.Qe3 d6
16.Qh6 Kh8 17.Nh4 Rg8 18.f3 Bc8 19.Re2 f5 20.Nxg6+ Rxg6 21.Qe3 f4 22.Qf2 Bh3
23.Kh1 Bxg2+ 24.Qxg2 Rxg2 25.Rxg2 Rg7 26.Rxg7 Kxg7 27.Re1 Kg6 28.Nb2 Kf5
29.Nc4 Bf8 30.Bc3 Qf7 31.Re2 h5 32.Be1 Qd5 33.Kg2 Be7 34.Bc3 Bf6 35.Be1 Qg8+
36.Kf1 d5 37.Nd2 Bd8 38.Nb1 Bc7 39.Rg2 Qf8 40.Re2 Qc8 41.Nc3 Qa6 42.a4 Ba5
43.Nb1 Bxe1 44.Kxe1 c4 45.bxc4 Qxa4 46.Kf2 a5 47.cxd5 cxd5 48.Kg2 Qb4 49.Nd2 a4
50.c4 a3  0-1

[Event "Torch Real Estate Cup"]
[Site "Wuxi CHN"]
[Date "2005.05.09"]
[Round "8"]
[White "An Zhixiao"]
[Black "Wang Doudou"]
[Result "0-1"]
[WhiteElo "2141"]
[BlackElo "2143"]

1.e4 c5 2.Nf3 Nc6 3.Bb5 g6 4.Bxc6 dxc6 5.d3 Bg7 6.h3 e5 7.Be3 b6 8.Qd2 Be6
9.O-O Qd6 10.Nc3 Nf6 11.Bh6 O-O 12.Rad1 Rad8 13.Nh2 Nd7 14.Ng4 Bxg4 15.hxg4 f6
16.Rde1 Rf7 17.a3 Nf8 18.Nd1 c4 19.Bxg7 Kxg7 20.Re3 Qe6 21.f3 Rfd7 22.Nf2 cxd3
23.Rxd3 Rxd3 24.Nxd3 Qd6 25.Qc3 Ne6 26.Kh2 c5 27.Rd1 Qd4 28.Qb3 c4 29.Qb4 Ng5
30.c3 Qe3 31.Qe7+ Nf7  0-1